000 00294nam a22001337a 4500
008 170608b xxu||||| |||| 00| 0 eng d
020 _a9780195092448
041 _aeng
080 _23RD
_a32
100 _a17
101 _aSHP
245 _aFORCE AND STATECRAFT
_cCRAIG, G.A
942 _2udc
_cBK
999 _c16542
_d16542